000 00857cam a2200241 i 4500
005 20251112102221.0
008 250721s2002 sy gr 000 0 ara d
041 1 _aara
_heng
082 1 4 _a181.048
_bإ ك ي
100 1 _aإكيدا، دايساكو
_eمؤلف.
240 1 0 _abuddhism: the living philosophy.
245 1 2 _aالبوذية :
_bالفلسفة الحية /
_cدايساكو إكيدا ؛ محمود منقذ الهاشمي.
250 _aالطبعة الأولى.
264 3 1 _aحلب :
_bمركز الإتحاد الحضاري،
_c2002.
300 _a96 صفحة.
650 1 7 _aالبوذية.
650 1 7 _aالفلسفة.
650 1 7 _aالديانات الحديثة.
650 1 7 _aالبوذيون.
700 1 _aالهاشمي، محمود منقذ
_eمترجم.
942 _2ddc
_cBK
999 _c86917
_d86917